|
|
|
|
| LEADER |
02331nam a2200469 i 4500 |
| 001 |
EBC3415239 |
| 003 |
MiAaPQ |
| 005 |
20200917021826.0 |
| 006 |
m o d | |
| 007 |
cr cnu|||||||| |
| 008 |
131004s2013 ne a ob 001 0 eng|d |
| 020 |
|
|
|z 18719295
|
| 020 |
|
|
|z 9789086862269
|
| 020 |
|
|
|a 9789086867806 (e-book)
|
| 035 |
|
|
|a (MiAaPQ)EBC3415239
|
| 035 |
|
|
|a (Au-PeEL)EBL3415239
|
| 035 |
|
|
|a (CaPaEBR)ebr10769725
|
| 035 |
|
|
|a (OCoLC)923506886
|
| 040 |
|
|
|a MiAaPQ
|b eng
|e rda
|e pn
|c MiAaPQ
|d MiAaPQ
|
| 050 |
|
4 |
|a RA601
|b .F66 2013
|
| 245 |
0 |
0 |
|a Food safety assurance and veterinary public health.
|n Volume 6,
|p Foodborne viruses and prions and their significance for public health /
|c edited by Frans J.M. Smulders, Birgit Nrrrung, Herbert Budka.
|
| 246 |
3 |
0 |
|a Foodborne viruses and prions and their significance for public health
|
| 264 |
|
1 |
|a Wageningen [The Netherlands] :
|b Wageningen Academic Publishers,
|c 2013.
|
| 300 |
|
|
|a 1 online resource (376 pages) :
|b illustrations.
|
| 336 |
|
|
|a text
|2 rdacontent
|
| 337 |
|
|
|a computer
|2 rdamedia
|
| 338 |
|
|
|a online resource
|2 rdacarrier
|
| 490 |
0 |
|
|a Food safety assurance and veterinary public health,
|x 1871-9295 ;
|v volume 6
|
| 504 |
|
|
|a Includes bibliographical references and index.
|
| 505 |
0 |
|
|a part 1. Viruses -- part 2. Prions.
|
| 588 |
|
|
|a Description based on online resource; title from PDF title page (ebrary, viewed October 10, 2013).
|
| 590 |
|
|
|a Electronic reproduction. Ann Arbor, MI : ProQuest, 2016. Available via World Wide Web. Access may be limited to ProQuest affiliated libraries.
|
| 650 |
|
0 |
|a Food of animal origin
|x Quality control.
|
| 650 |
|
0 |
|a Food industry and trade
|x Quality control.
|
| 650 |
|
0 |
|a Veterinary public health.
|
| 655 |
|
4 |
|a Electronic books.
|
| 700 |
1 |
|
|a Smulders, Frans J. M.
|
| 700 |
1 |
|
|a Nrrung, Birgit.
|
| 700 |
1 |
|
|a Budka, H.
|q (Herbert)
|
| 776 |
0 |
8 |
|i Print version:
|t Food safety assurance and veterinary public health. Volume 6, Foodborne viruses and prions and their significance for public health.
|d Wageningen [The Netherlands] : Wageningen Academic Publishers, 2013
|h 375 pages
|k Food safety assurance and veterinary public health ; volume 6
|z 9789086862269
|
| 797 |
2 |
|
|a ProQuest (Firm)
|
| 856 |
4 |
0 |
|u https://ebookcentral.proquest.com/lib/matrademy/detail.action?docID=3415239
|z Click to View
|